000 nam a22 7a 4500
999 _c9024
_d9024
008 180122b ||||| |||| 00| 0 eng d
100 _aParti. N. M
_95233
245 _aTogether with Maths
260 _aNew Delhi
_bRachna Publication
_c2009